[Event "XXVI C.to Italiano a squadre A2 Est"]
[Site "ITA"]
[Date "1994.??.??"]
[Round "?"]
[White "Gasser, Giorgio"]
[Black "Garano, Nicola"]
[WhiteElo "2300"]
[BlackElo "1975"]
[Result "1-0"]
[PlyCount "65"]
[EventDate "1994.02.27"]

1. e4 c5 2. Nc3 Nc6 3. g3 g6 4. Bg2 Bg7 5. d3 d6 6. Nge2 e5 7. O-O Nge7 8. h3
O-O 9. Bg5 h6 10. Bd2 Rb8 11. Kh2 f5 12. exf5 gxf5 13. Nd5 Be6 14. Nec3 b5 15.
a3 Nd4 16. Nxe7+ Qxe7 17. Ne2 Qf7 18. Nxd4 cxd4 19. Bb4 Bd5 20. c3 Bxg2 21.
Kxg2 Qd5+ 22. Kh2 Rf7 23. cxd4 Qxd4 24. Qb3 d5 25. Rac1 e4 26. dxe4 fxe4 27.
Bc5 Qe5 28. Rcd1 Rd8 29. Bd4 Qd6 30. Bxg7 Rxg7 31. Rd4 h5 32. Rxe4 Qg6 33. Rd4
1-0

[Event "XXVI C.to Italiano a squadre A2 Est"]
[Site "ITA"]
[Date "1994.??.??"]
[Round "?"]
[White "Gasser, Giorgio"]
[Black "Minarelli, Guido"]
[WhiteElo "2300"]
[BlackElo "2250"]
[Result "1-0"]
[PlyCount "59"]
[EventDate "1994.02.27"]

1. e4 e5 2. Nf3 Nc6 3. Bb5 a6 4. Ba4 d6 5. d4 b5 6. Bb3 Nxd4 7. Nxd4 exd4 8.
Bd5 Rb8 9. Qxd4 Nf6 10. O-O c5 11. Qc3 Be7 12. Bc6+ Bd7 13. Bxd7+ Qxd7 14. e5
dxe5 15. Qxe5 O-O 16. Bf4 Rb6 17. Nc3 Bd6 18. Qe3 b4 19. Bxd6 Rxd6 20. Nd1 Rd8
21. Qf3 Rd2 22. Ne3 Qd4 23. Rad1 Ne4 24. Rde1 g6 25. Ng4 f5 26. Nh6+ Kg7 27.
Nxf5+ gxf5 28. Qxf5 Nf6 29. Re7+ Kf8 30. Qe6 1-0

[Event "XXVI C.to Italiano a squadre A2 Est"]
[Site "ITA"]
[Date "1994.??.??"]
[Round "?"]
[White "Lostuzzi, Manlio"]
[Black "Rogulj, Branko"]
[WhiteElo "2325"]
[BlackElo "2405"]
[Result "1/2-1/2"]
[PlyCount "82"]
[EventDate "1994.02.27"]

1. c4 c5 2. Nc3 Nc6 3. g3 g6 4. Bg2 Bg7 5. a3 a6 6. Rb1 Rb8 7. Qa4 Nd4 8. b4 b5
9. cxb5 Nxb5 10. Nxb5 Rxb5 11. Qc2 cxb4 12. Rxb4 Rxb4 13. axb4 Nf6 14. Bb2 O-O
15. Nh3 d6 16. Nf4 e5 17. Nd5 Nxd5 18. Bxd5 Bh3 19. Qc6 Qc8 20. Bc3 Qf5 21. Be4
Bg2 22. f3 Qh3 23. Rg1 Qxh2 24. Qb6 Bh3 25. Qf2 Qxf2+ 26. Kxf2 Be6 27. Bd3 d5
28. Bxa6 d4 29. Bb2 Rb8 30. b5 Bf8 31. e3 Bc4 32. exd4 Bxb5 33. Bxb5 Rxb5 34.
Bc3 exd4 35. Bxd4 Bc5 36. Bxc5 Rxc5 37. g4 Kg7 38. Ke3 Kf6 39. Rh1 h5 40. gxh5
gxh5 41. d4 Ra5 1/2-1/2

[Event "XXVI C.to Italiano a squadre A2 Est"]
[Site "ITA"]
[Date "1994.??.??"]
[Round "?"]
[White "Luciani, Carlo"]
[Black "Contini, Luca"]
[WhiteElo "2270"]
[BlackElo "2320"]
[Result "1/2-1/2"]
[PlyCount "102"]
[EventDate "1994.02.27"]

1. e4 c5 2. Nf3 d6 3. d4 cxd4 4. Nxd4 Nf6 5. Nc3 e6 6. Be3 a6 7. Qd2 b5 8. Bd3
Bb7 9. a3 Nbd7 10. f3 Be7 11. O-O-O Rc8 12. g4 Ne5 13. g5 Nfd7 14. f4 Nc4 15.
Bxc4 Rxc4 16. f5 Nc5 17. fxe6 fxe6 18. b3 Rxc3 19. Qxc3 Bxg5 20. Bxg5 Qxg5+ 21.
Kb2 O-O 22. Rhg1 Qe7 23. e5 dxe5 24. Ne2 Qc7 25. Rg5 Rf5 26. Rdg1 g6 27. Qh3
Qg7 28. Qe3 Ne4 29. Rxf5 exf5 30. Rd1 Qc7 31. Qd3 Nf6 32. Nc3 f4 33. Qh3 Bc8
34. Qh4 Qe7 35. Ne4 Kg7 36. Rd6 Ng8 37. Qe1 Bf5 38. Rxa6 Bxe4 39. Qxe4 Nf6 40.
Qa8 Kh6 41. Qc8 e4 42. Re6 Qf7 43. Qc6 Kg5 44. Qxb5+ Kh4 45. Qe5 Ng4 46. Qxe4
f3 47. Re7 Qf6+ 48. Ka2 h5 49. Re6 Qf7 50. Re7 Qf6 51. Re6 Qf7 1/2-1/2

[Event "XXVI C.to Italiano a squadre A2 Est"]
[Site "ITA"]
[Date "1994.??.??"]
[Round "?"]
[White "Luciani, Carlo"]
[Black "Pangrazzi, Marco"]
[WhiteElo "2270"]
[BlackElo "2250"]
[Result "1-0"]
[PlyCount "67"]
[EventDate "1994.02.27"]

1. e4 c5 2. Nf3 Nc6 3. d4 cxd4 4. Nxd4 Nf6 5. Nc3 e6 6. g3 d5 7. exd5 Nxd5 8.
Nde2 Bb4 9. Bg2 Qa5 10. Bd2 Nxc3 11. Bxc3 Bxc3+ 12. Nxc3 O-O 13. O-O Rd8 14.
Qc1 Nd4 15. Re1 e5 16. Ne2 Nxe2+ 17. Rxe2 Bg4 18. Qe1 Qb6 19. Re4 Be6 20. Rb4
Qc5 21. c3 Rab8 22. a4 f6 23. Bxb7 Bh3 24. Rb5 Qc7 25. Bf3 Rxb5 26. axb5 f5 27.
Rd1 Re8 28. Bc6 Re7 29. Qd2 e4 30. Qd5+ Kf8 31. Qc5 Kf7 32. Rd6 g6 33. Qd4 h5
34. Bd5+ 1-0

[Event "XXVI C.to Italiano a squadre A2 Est"]
[Site "ITA"]
[Date "1994.??.??"]
[Round "?"]
[White "Milocco, Franco"]
[Black "Bernardi, Ruben"]
[WhiteElo "2365"]
[BlackElo "1963"]
[Result "1/2-1/2"]
[PlyCount "60"]
[EventDate "1994.02.27"]

1. c4 e5 2. Nc3 Bb4 3. g3 Nf6 4. Bg2 O-O 5. Nf3 d6 6. O-O c5 7. Ne1 Nc6 8. Nc2
Bxc3 9. dxc3 Be6 10. Ne3 Qd7 11. Nd5 Ne8 12. e4 f5 13. f3 Nc7 14. Be3 fxe4 15.
fxe4 Rxf1+ 16. Qxf1 Rf8 17. Qd3 Ne7 18. Bg5 Ncxd5 19. cxd5 Bg4 20. Rf1 h6 21.
Rxf8+ Kxf8 22. Bc1 Qa4 23. h3 Bd7 24. a3 Kg8 25. Kh2 Qb3 26. Bf3 Bb5 27. Qd2
Qc4 28. g4 Nc8 29. g5 hxg5 30. Qg2 Qf1 1/2-1/2

[Event "XXVI C.to Italiano a squadre A2 Est"]
[Site "ITA"]
[Date "1994.??.??"]
[Round "?"]
[White "Mocchi, Tullio"]
[Black "Luciani, Carlo"]
[WhiteElo "1969"]
[BlackElo "2270"]
[Result "1/2-1/2"]
[PlyCount "74"]
[EventDate "1994.02.27"]

1. e4 e5 2. Nf3 Nc6 3. Bb5 a6 4. Ba4 Nf6 5. Bxc6 dxc6 6. d3 Bd6 7. Nbd2 Bg4 8.
Nc4 Qe7 9. h3 Bd7 10. Bd2 O-O-O 11. Bc3 Be6 12. Ne3 Nd7 13. Nd2 f6 14. b3 Bb4
15. Bxb4 Qxb4 16. O-O h5 17. Ndc4 Nb6 18. Qd2 Qe7 19. Nb2 g5 20. Nbd1 Nd7 21.
Nc3 Nf8 22. Ne2 h4 23. Qc3 Ng6 24. f3 Nf4 25. Nxf4 gxf4 26. Ng4 Rd4 27. Rfd1
Rhd8 28. Qe1 Bxg4 29. fxg4 Qc5 30. Qf2 b5 31. c3 Qxc3 32. Rac1 Qb4 33. Rxc6
R8d6 34. Rxd6 Qxd6 35. Qxh4 Rxd3 36. Rxd3 Qxd3 37. Qxf6 Qe3+ 1/2-1/2

[Event "XXVI C.to Italiano a squadre A2 Est"]
[Site "ITA"]
[Date "1994.??.??"]
[Round "?"]
[White "Mocchi, Tullio"]
[Black "Pangrazzi, Marco"]
[WhiteElo "1969"]
[BlackElo "2250"]
[Result "1-0"]
[PlyCount "99"]
[EventDate "1994.02.27"]

1. d4 Nf6 2. Nf3 g6 3. Bf4 Bg7 4. e3 O-O 5. Bd3 d6 6. h3 Nc6 7. c3 Nh5 8. Bh2
f5 9. Qb3+ Kh8 10. Nbd2 e5 11. dxe5 dxe5 12. Bb5 Qe7 13. Nc4 f4 14. Bxc6 bxc6
15. e4 Be6 16. Qa3 Qxa3 17. Nxa3 Nf6 18. Nd2 Rfd8 19. f3 Rd3 20. Nac4 Rad8 21.
O-O-O Nd7 22. Kc2 Nb6 23. Na5 Na4 24. Ndc4 Rxd1 25. Rxd1 Rxd1 26. Kxd1 Kg8 27.
Kc2 Bd7 28. Nb7 Kf7 29. Bg1 Nb6 30. Nca5 Bf8 31. Nxc6 Kf6 32. Nxa7 g5 33. b3 h5
34. a4 g4 35. hxg4 hxg4 36. Kd3 Nc8 37. Nxc8 Bxc8 38. Na5 g3 39. b4 Ke6 40. b5
Bd7 41. Nb3 c6 42. Bc5 Bd6 43. c4 cxb5 44. cxb5 Bc8 45. Ba7 Kd7 46. Na5 Bb4 47.
Nc4 Bd6 48. Nb6+ Kc7 49. Nxc8 Kxc8 50. Kc4 1-0

[Event "XXVI C.to Italiano a squadre A2 Est"]
[Site "ITA"]
[Date "1994.??.??"]
[Round "?"]
[White "Moncher, Stefano"]
[Black "Cerchiari, Fulvio"]
[WhiteElo "2202"]
[BlackElo "2124"]
[Result "1-0"]
[PlyCount "45"]
[EventDate "1994.02.27"]

1. e4 c5 2. d4 cxd4 3. c3 dxc3 4. Nxc3 Nc6 5. Nf3 d6 6. Bc4 e6 7. O-O a6 8. Qe2
b5 9. Bb3 Nf6 10. Rd1 Qc7 11. Bf4 Ne5 12. Bxe5 dxe5 13. Rac1 Qb8 14. Nxb5 Qxb5
15. Rc4 Bd7 16. Qc2 Be7 17. Ba4 Qa5 18. Bxd7+ Nxd7 19. b4 Bxb4 20. Rc8+ Ke7 21.
Rc7 Bd6 22. Rxd6 Kxd6 23. Qc6+ 1-0

[Event "XXVI C.to Italiano a squadre A2 Est"]
[Site "ITA"]
[Date "1994.??.??"]
[Round "?"]
[White "Moncher, Stefano"]
[Black "Garano, Nicola"]
[WhiteElo "2202"]
[BlackElo "1975"]
[Result "1-0"]
[PlyCount "120"]
[EventDate "1994.02.27"]

1. e4 c5 2. d4 cxd4 3. c3 d5 4. exd5 Qxd5 5. cxd4 Nc6 6. Nf3 e5 7. Nc3 Bb4 8.
Bd2 Bxc3 9. Bxc3 e4 10. Ne5 Nxe5 11. dxe5 Ne7 12. Be2 O-O 13. O-O Bf5 14. f4
Bd7 15. f5 Bc6 16. f6 gxf6 17. exf6 Qxd1 18. Raxd1 Nd5 19. Bd4 Kh8 20. Bc5 Rfe8
21. Bh5 b6 22. Bxf7 bxc5 23. Bxd5 Rac8 24. Bxc6 Rxc6 25. Rd7 Ra6 26. Rf5 Rf8
27. Rh5 Rfxf6 28. Rhxh7+ Kg8 29. Rxa7 e3 30. Rag7+ Kf8 31. Rb7 Kg8 32. Rhe7
Rxa2 33. h3 Ra1+ 34. Kh2 Re1 35. Rb8+ Rf8 36. Rb3 Rf2 37. Kg3 Ree2 38. Rb8+ Rf8
39. Rbb7 Rff2 40. Rb8+ Rf8 41. Rxf8+ Kxf8 42. Re5 c4 43. Re4 Rc2 44. Rxe3 Rxb2
45. Kf3 Rb3 46. Ke4 c3 47. Rf3+ Ke7 48. Kd3 Ke6 49. Rf2 Ke5 50. Rc2 Rb1 51.
Rxc3 Re1 52. Rc4 Kf5 53. Kd2 Re8 54. Rc3 Kg5 55. Re3 Ra8 56. Ke2 Rf8 57. Rf3
Re8+ 58. Kf2 Rb8 59. Kg3 Rb4 60. Ra3 Rb5 1-0

[Event "XXVI C.to Italiano a squadre A2 Est"]
[Site "ITA"]
[Date "1994.??.??"]
[Round "?"]
[White "Moncher, Stefano"]
[Black "Tonon, Alessandro"]
[WhiteElo "2202"]
[BlackElo "1944"]
[Result "0-1"]
[PlyCount "112"]
[EventDate "1994.02.27"]

1. e4 Nf6 2. d3 d6 3. g3 g6 4. Bg2 Bg7 5. f4 Nc6 6. Nf3 e5 7. Nc3 O-O 8. O-O a6
9. h3 Nh5 10. Kh2 exf4 11. gxf4 f5 12. Nd5 Ne7 13. c3 c6 14. Nxe7+ Qxe7 15. e5
dxe5 16. fxe5 Bxe5+ 17. Nxe5 Qxe5+ 18. Kg1 f4 19. Re1 Qg5 20. Qf3 Bd7 21. Bd2
Rae8 22. c4 Ng3 23. Kh2 Nh5 24. Bb4 Qg3+ 25. Kg1 Rxe1+ 26. Rxe1 Re8 27. Rxe8+
Bxe8 28. Bd6 g5 29. b4 Qxf3 30. Bxf3 Nf6 31. a4 Bg6 32. d4 Be4 33. Be2 Kf7 34.
a5 Ke6 35. Be5 Bf5 36. Kg2 Ne4 37. Bf3 Nf6 38. Bxf6 Kxf6 39. d5 cxd5 40. Bxd5
Bc8 41. b5 Ke5 42. b6 Kd4 43. Kf3 h6 44. h4 Ke5 45. hxg5 hxg5 46. Ke2 g4 47.
Kf2 Kf5 48. Ke2 Ke5 49. Kf2 Kd4 50. Ke2 Kc3 51. Bf7 Kb4 52. Kd3 Kxa5 53. c5 Kb5
54. Kd4 a5 55. Be8+ Kb4 56. c6 g3 0-1

[Event "XXVI C.to Italiano a squadre A2 Est"]
[Site "ITA"]
[Date "1994.??.??"]
[Round "?"]
[White "Moncher, Stefano"]
[Black "Zoldan, Matteo"]
[WhiteElo "2202"]
[BlackElo "1900"]
[Result "1-0"]
[PlyCount "101"]
[EventDate "1994.02.27"]

1. e4 c5 2. d4 cxd4 3. c3 d6 4. cxd4 Nf6 5. Nc3 g6 6. Nf3 Bg7 7. Bc4 O-O 8. O-O
Nc6 9. h3 Nxe4 10. Bxf7+ Rxf7 11. Nxe4 h6 12. d5 Nb4 13. a3 Na6 14. Nd4 Nc7 15.
Nc3 Kh7 16. Be3 Bd7 17. Qd3 Qc8 18. Kh2 Qf8 19. Rad1 Rc8 20. f4 e5 21. dxe6
Bxe6 22. g4 Qg8 23. Nxe6 Nxe6 24. Qxd6 Rc6 25. Qd3 Qb8 26. Qe4 Nc5 27. Qd5 Qf8
28. Kg2 Ne6 29. Qe4 Nc5 30. Bxc5 Rxc5 31. Rd3 Qc8 32. Rd6 Rf6 33. Rfd1 Rc6 34.
Rd7 Rce6 35. Qxb7 Qxb7+ 36. Rxb7 Rb6 37. Rdd7 Rxb7 38. Rxb7 Rxf4 39. Rxa7 h5
40. Kg3 Rc4 41. Nd5 Kh6 42. g5+ Kxg5 43. Rxg7 Rd4 44. h4+ Kf5 45. Ne3+ Kf6 46.
Rc7 Rd2 47. Rc2 Rd4 48. Rc3 g5 49. Rc6+ Ke5 50. Rc5+ Ke4 51. Rc4 1-0

[Event "XXVI C.to Italiano a squadre A2 Est"]
[Site "ITA"]
[Date "1994.??.??"]
[Round "?"]
[White "Pangrazzi, Marco"]
[Black "Werther, Florian"]
[WhiteElo "2250"]
[BlackElo "1993"]
[Result "1-0"]
[PlyCount "27"]
[EventDate "1994.02.27"]

1. e4 e5 2. f4 exf4 3. Bc4 Qh4+ 4. Kf1 d6 5. Nf3 Bg4 6. d4 Nf6 7. Bxf4 Nh5 8.
Bxf7+ Kxf7 9. Bg5 Ng3+ 10. Kg1 Qh5 11. hxg3 Qg6 12. Nbd2 Nc6 13. c3 h6 14. Qb3+
1-0

[Event "XXVI C.to Italiano a squadre A2 Est"]
[Site "ITA"]
[Date "1994.??.??"]
[Round "?"]
[White "Rossi, Paolo"]
[Black "Bernardi, Ruben"]
[WhiteElo "1972"]
[BlackElo "1963"]
[Result "1-0"]
[PlyCount "57"]
[EventDate "1994.02.27"]

1. e4 e6 2. d4 d5 3. Nc3 Bb4 4. e5 c5 5. a3 Bxc3+ 6. bxc3 Ne7 7. Nf3 Qc7 8. a4
Nbc6 9. Be2 Bd7 10. O-O cxd4 11. cxd4 f6 12. Re1 O-O-O 13. Ba3 Qa5 14. c4 Be8
15. Qb3 Rd7 16. Rac1 Nf5 17. cxd5 Rxd5 18. Bc4 Nfxd4 19. Nxd4 Rxd4 20. Bb2 Kb8
21. exf6 Rxc4 22. Qxc4 gxf6 23. Qxe6 Bg6 24. Bxf6 Re8 25. Qd6+ Ka8 26. Rxe8+
Bxe8 27. h3 a6 28. Qf8 Qh5 29. Re1 1-0

[Event "XXVI C.to Italiano a squadre A2 Est"]
[Site "ITA"]
[Date "1994.??.??"]
[Round "?"]
[White "Tamai, Roberto"]
[Black "Demetz, Rainer"]
[WhiteElo "2305"]
[BlackElo "2157"]
[Result "1-0"]
[PlyCount "39"]
[EventDate "1994.02.27"]

1. e4 e5 2. Nf3 Nc6 3. Bb5 a6 4. Ba4 Nf6 5. O-O Be7 6. Bxc6 dxc6 7. d3 Qd6 8.
Nbd2 b5 9. b3 Bg4 10. Bb2 Nd7 11. h3 Be6 12. Nxe5 Nxe5 13. f4 Nxd3 14. cxd3
Qxd3 15. f5 Qe3+ 16. Kh1 O-O-O 17. fxe6 Qxd2 18. Qxd2 Rxd2 19. Bxg7 Rg8 20. Bh6
1-0

[Event "XXVI C.to Italiano a squadre A2 Est"]
[Site "ITA"]
[Date "1994.??.??"]
[Round "?"]
[White "Werther, Florian"]
[Black "De Poi, Paolo"]
[WhiteElo "1993"]
[BlackElo "1942"]
[Result "1/2-1/2"]
[PlyCount "90"]
[EventDate "1994.02.27"]

1. e4 c5 2. Nf3 d6 3. d4 cxd4 4. Nxd4 Nf6 5. Nc3 g6 6. Be3 Bg7 7. Be2 O-O 8.
O-O Nc6 9. Qd2 d5 10. exd5 Nxd5 11. Nxd5 Nxd4 12. Bxd4 Qxd5 13. Rad1 Rd8 14.
Be3 Qxd2 15. Rxd2 Rxd2 16. Bxd2 Bf5 17. c3 Rd8 18. Be3 b6 19. Rd1 Rxd1+ 20.
Bxd1 Be5 21. a4 Kg7 22. a5 Bc7 23. axb6 Bxb6 24. Bxb6 axb6 25. f4 Kf6 26. Kf2
e5 27. g3 exf4 28. gxf4 Ke7 29. Ke3 f6 30. c4 Kd6 31. b4 h6 32. Bf3 Be6 33. Kd4
g5 34. c5+ bxc5+ 35. bxc5+ Kc7 36. Ke3 g4 37. Be4 f5 38. Bg2 h5 39. h4 Bd7 40.
Kd4 Bc6 41. Bf1 g3 42. Ke5 Be4 43. Kf6 Kd7 44. Bh3 Kd8 45. Bf1 Kd7 1/2-1/2

[Event "XXVI C.to Italiano a squadre A2 Sud"]
[Site "ITA"]
[Date "1994.??.??"]
[Round "?"]
[White "Abatino, Maurizio"]
[Black "Genovese, Maurizio"]
[WhiteElo "2330"]
[BlackElo "2250"]
[Result "0-1"]
[PlyCount "88"]
[EventDate "1994.02.27"]

1. d4 Nf6 2. c4 e6 3. Nc3 d5 4. cxd5 exd5 5. Bg5 c6 6. Qc2 g6 7. e3 Bf5 8. Bd3
Bxd3 9. Qxd3 Be7 10. Nge2 Nbd7 11. O-O O-O 12. Rab1 a5 13. f3 Re8 14. Bh4 Nb6
15. Bf2 Bd6 16. Ng3 Re6 17. Rfe1 Qe7 18. Re2 Re8 19. Rbe1 Bxg3 20. hxg3 Qb4 21.
e4 Nc4 22. e5 Nh5 23. b3 Nb6 24. f4 f5 25. Rb1 R6e7 26. Be1 Qa3 27. Rbb2 Rg7
28. Nb1 Qf8 29. Bxa5 Nd7 30. a3 Qf7 31. Bb4 Re6 32. Nd2 g5 33. fxg5 Rxg5 34.
Nf1 f4 35. Rf2 Nxg3 36. Nxg3 Rxg3 37. Qxg3+ fxg3 38. Rxf7 Kxf7 39. Bd6 Rg6 40.
Re2 Ke6 41. Re3 Rg4 42. Kf1 h5 43. Ke2 h4 44. Kd3 h3 0-1

[Event "XXVI C.to Italiano a squadre A2 Sud"]
[Site "ITA"]
[Date "1994.??.??"]
[Round "?"]
[White "Agnello, Giuseppe"]
[Black "Blasco, Domenico"]
[WhiteElo "2195"]
[BlackElo "2155"]
[Result "0-1"]
[PlyCount "74"]
[EventDate "1994.02.27"]

1. e4 Nf6 2. e5 Nd5 3. d4 d6 4. Nf3 dxe5 5. Nxe5 g6 6. Bc4 Be6 7. Nc3 c6 8. Ne4
Nc7 9. Bb3 Bg7 10. O-O Nd7 11. f4 O-O 12. c3 Nf6 13. Ng5 Bxb3 14. Qxb3 Nfd5 15.
Qxb7 Rb8 16. Qxa7 f6 17. Nxc6 Qe8 18. Nxb8 fxg5 19. Na6 Qa4 20. c4 Qxc4 21. Rd1
Nxa6 22. b3 Qe2 23. Bd2 Nxf4 24. Bxf4 gxf4 25. Re1 Qb5 26. Rxe7 Bf6 27. Rd7 Nb4
28. Rf1 Nc6 29. Qc5 Bxd4+ 30. Qxd4 Nxd4 31. Rxd4 Qc5 32. Rfd1 Rd8 33. h3 Rxd4
34. Rxd4 Qxd4+ 35. Kh2 Qe3 36. b4 Qa3 37. b5 Qxa2 0-1

[Event "XXVI C.to Italiano a squadre A2 Sud"]
[Site "ITA"]
[Date "1994.??.??"]
[Round "?"]
[White "Agnello, Giuseppe"]
[Black "Ciampi, Vincenzo"]
[WhiteElo "2195"]
[BlackElo "2180"]
[Result "1-0"]
[PlyCount "69"]
[EventDate "1994.02.27"]

1. e4 c5 2. c3 Nf6 3. e5 Nd5 4. d4 cxd4 5. cxd4 e6 6. Nc3 Nxc3 7. bxc3 Qc7 8.
Bd2 d6 9. Nf3 Nd7 10. exd6 Bxd6 11. Bd3 O-O 12. O-O b6 13. Qc2 h6 14. Rfe1 Bb7
15. Qc1 Nf6 16. Bxh6 Ng4 17. Bxg7 Bf4 18. Qd1 Kxg7 19. h3 Nxf2 20. Kxf2 Bg3+
21. Kg1 Bxe1 22. Ne5 Rg8 23. Qxe1 Kf8 24. Be4 f5 25. Bxb7 Qxb7 26. Qd2 Qe4 27.
Qh6+ Ke7 28. Qh7+ Kf6 29. Qf7+ Kg5 30. Qe7+ Kh5 31. Qh7+ Kg5 32. h4+ Kf4 33.
Rf1+ Ke3 34. Re1+ Kf4 35. Rxe4+ {...} 1-0

[Event "XXVI C.to Italiano a squadre A2 Sud"]
[Site "ITA"]
[Date "1994.??.??"]
[Round "?"]
[White "Blasco, Domenico"]
[Black "Ciampi, Vincenzo"]
[WhiteElo "2155"]
[BlackElo "2180"]
[Result "0-1"]
[PlyCount "83"]
[EventDate "1994.02.27"]

1. d4 Nf6 2. Nf3 g6 3. Bg5 Ne4 4. Bh4 d5 5. e3 Bg7 6. Nbd2 c5 7. c3 Nc6 8. Nxe4
dxe4 9. Nd2 cxd4 10. cxd4 Qa5 11. Bc4 O-O 12. O-O g5 13. Bg3 Bf5 14. a3 Bg6 15.
b4 Qf5 16. Ba2 Rad8 17. Rc1 h6 18. Rc5 Qd7 19. b5 Nxd4 20. Rd5 Nxb5 21. Rxd7
Rxd7 22. Qc1 Nc3 23. Qc2 Rc8 24. Nc4 Bh5 25. f3 exf3 26. gxf3 Bg6 27. e4 g4 28.
Be5 Nb5 29. Bxg7 Kxg7 30. Qb2+ Nd4 31. Ne5 Rd6 32. Nxg4 Rc2 33. Qa1 f6 34. Bd5
Ne2+ 35. Kh1 Nf4 36. Qb1 Rc7 37. Rc1 Nxd5 38. Rxc7 Nxc7 39. Qxb7 Rd7 40. Qxa7
Be8 41. Qe3 h5 42. Qh6+ 0-1

[Event "XXVI C.to Italiano a squadre A2 Sud"]
[Site "ITA"]
[Date "1994.??.??"]
[Round "?"]
[White "Bottini, Paolo"]
[Black "De Vita, Igor"]
[WhiteElo "1960"]
[BlackElo "2180"]
[Result "1/2-1/2"]
[PlyCount "96"]
[EventDate "1994.02.27"]

1. e4 Nf6 2. e5 Nd5 3. d4 d6 4. Nf3 Bg4 5. Be2 c6 6. c4 Nb6 7. Nbd2 N8d7 8. Ng5
Bxe2 9. e6 f6 10. Qxe2 fxg5 11. exd7+ Qxd7 12. Ne4 Qe6 13. b3 O-O-O 14. Nxg5
Qxe2+ 15. Kxe2 Re8 16. Re1 e5 17. Kf1 Be7 18. dxe5 Bxg5 19. Bxg5 dxe5 20. Re4
Nd7 21. Rae1 Re6 22. f4 h6 23. Bh4 g5 24. fxg5 hxg5 25. Bg3 Rf8+ 26. Ke2 b6 27.
Rf1 Ref6 28. Rxf6 Rxf6 29. h3 Rf5 30. Bh2 Rf7 31. Ke3 Rf5 32. g4 Rf1 33. Bxe5
Rh1 34. Bd6 Rxh3+ 35. Ke2 Nf6 36. Re5 Nxg4 37. Rxg5 Nf6 38. Rg2 Ne8 39. Be5 Rh7
40. Kd3 Re7 41. Re2 Kb7 42. Bd4 Rxe2 43. Kxe2 Nd6 44. Kd3 b5 45. cxb5 cxb5 46.
Kc3 Ne4+ 47. Kb4 a6 48. a4 Nd2 1/2-1/2

[Event "XXVI C.to Italiano a squadre A2 Sud"]
[Site "ITA"]
[Date "1994.??.??"]
[Round "?"]
[White "Bottini, Paolo"]
[Black "Trombetta, Vincenzo"]
[WhiteElo "1960"]
[BlackElo "1900"]
[Result "1-0"]
[PlyCount "67"]
[EventDate "1994.02.27"]

1. e4 c6 2. d4 d5 3. e5 c5 4. c3 Nc6 5. Be3 a6 6. Bd3 Qb6 7. b3 cxd4 8. cxd4
Qb4+ 9. Kf1 Nh6 10. Ne2 Bf5 11. Bxh6 Bxd3 12. Qxd3 gxh6 13. Nbc3 e6 14. f4 Bg7
15. f5 Rd8 16. Rd1 exf5 17. Qxf5 O-O 18. g3 Ne7 19. Qg4 Ng6 20. h3 Qe7 21. Nf4
Nxf4 22. gxf4 f6 23. Kg2 fxe5 24. dxe5 Qb4 25. Nxd5 Qe4+ 26. Qf3 Qc2+ 27. Kf1
Bxe5 28. Rg1+ Bg7 29. Rg2 Qc5 30. Qg4 Rf7 31. Nf6+ Kf8 32. Rxd8+ Ke7 33. Re8+
Kxf6 34. Qe6# 1-0

[Event "XXVI C.to Italiano a squadre A2 Sud"]
[Site "ITA"]
[Date "1994.??.??"]
[Round "?"]
[White "Cosentino, Aldo"]
[Black "De Vita, Igor"]
[WhiteElo "1782"]
[BlackElo "2180"]
[Result "0-1"]
[PlyCount "38"]
[EventDate "1994.02.27"]

1. e4 Nf6 2. d3 e5 3. Nf3 Nc6 4. Bg5 Be7 5. Be2 d6 6. O-O O-O 7. Nbd2 h6 8. Be3
Ng4 9. Re1 f5 10. exf5 d5 11. h3 Nxe3 12. fxe3 Bxf5 13. c3 Bg5 14. Nf1 e4 15.
Nxg5 Qxg5 16. g4 Ne5 17. d4 Nf3+ 18. Bxf3 exf3 19. Kh2 Bxg4 0-1

[Event "XXVI C.to Italiano a squadre A2 Sud"]
[Site "ITA"]
[Date "1994.??.??"]
[Round "?"]
[White "Scerbo, Antonio"]
[Black "Isonzo, David"]
[WhiteElo "2052"]
[BlackElo "1911"]
[Result "1-0"]
[PlyCount "89"]
[EventDate "1994.02.27"]

1. e4 c5 2. Nf3 d6 3. d4 cxd4 4. Nxd4 Nf6 5. Nc3 a6 6. Be2 e5 7. Nb3 Be7 8. O-O
O-O 9. a4 Nc6 10. Be3 Be6 11. f4 exf4 12. Rxf4 d5 13. Rxf6 d4 14. Rxe6 fxe6 15.
Nxd4 Bc5 16. Nxe6 Bxe3+ 17. Kh1 Qxd1+ 18. Nxd1 Bd2 19. Nxf8 Rxf8 20. g3 Nb4 21.
Ra3 Nxc2 22. Rd3 Bg5 23. Rd7 Rc8 24. Nc3 Rd8 25. Rxb7 g6 26. Nd5 Rf8 27. Bc4
Kh8 28. Bxa6 Rf2 29. Kg1 Rd2 30. h4 Nd4 31. Rf7 Bh6 32. Rf2 Rd1+ 33. Kg2 Bd2
34. Nc3 Bxc3 35. bxc3 Ne6 36. Bb7 Ra1 37. Bc6 Nc5 38. Rf8+ Kg7 39. Ra8 Ra3 40.
a5 Rxc3 41. a6 Ra3 42. a7 Kh6 43. Bd5 Nd3 44. e5 Ne1+ 45. Kf1 1-0

[Event "XXVI C.to Italiano a squadre A2 Sud"]
[Site "ITA"]
[Date "1994.??.??"]
[Round "?"]
[White "Tocco, Paolo"]
[Black "Isonzo, David"]
[WhiteElo "2036"]
[BlackElo "1911"]
[Result "1/2-1/2"]
[PlyCount "114"]
[EventDate "1994.02.27"]

1. e4 c5 2. Nc3 Nc6 3. g3 g6 4. Bg2 Bg7 5. d3 d6 6. Be3 Nf6 7. h3 O-O 8. Qd2
Nd4 9. Nce2 Ne8 10. c3 Nc6 11. Nf3 Nc7 12. O-O Rb8 13. Bh6 b5 14. d4 cxd4 15.
Bxg7 Kxg7 16. Nexd4 Na5 17. b3 Na6 18. Qe2 Qb6 19. Rac1 e5 20. Nc2 Bb7 21. Nh4
b4 22. c4 Nc5 23. Kh2 f6 24. Rcd1 Rbd8 25. Ne3 Ne6 26. Qg4 Ng5 27. Nd5 Bxd5 28.
Rxd5 Nc6 29. f4 Nf7 30. fxe5 Nfxe5 31. Qe6 Nd4 32. c5 Nxe6 33. cxb6 axb6 34.
Rb5 Nc5 35. Rxb4 Rb8 36. Rd1 Rfd8 37. Nf3 Nxf3+ 38. Bxf3 Kf8 39. Rb5 Ke7 40.
Kg2 Rd7 41. Rd4 Ra7 42. a4 Ra5 43. Rdb4 Rxb5 44. Rxb5 Kd7 45. Kf2 Kc7 46. Ke3
Re8 47. a5 bxa5 48. Rxa5 Kb6 49. Ra2 f5 50. Kd4 fxe4 51. Be2 Re5 52. Bc4 Rf5
53. b4 Nb7 54. Kxe4 d5+ 55. Bxd5 Nd6+ 56. Kd4 Nb5+ 57. Kc4 Rxd5 1/2-1/2

[Event "XXVI C.to Italiano a squadre A2 Sud"]
[Site "ITA"]
[Date "1994.??.??"]
[Round "?"]
[White "Tocco, Paolo"]
[Black "Scerbo, Antonio"]
[WhiteElo "2036"]
[BlackElo "2052"]
[Result "1-0"]
[PlyCount "87"]
[EventDate "1994.02.27"]

1. e4 c5 2. Nc3 Nc6 3. g3 g6 4. Bg2 Bg7 5. d3 d6 6. Be3 Rb8 7. Qd2 e6 8. Nge2
Nge7 9. O-O Nd4 10. Nd1 O-O 11. c3 Nxe2+ 12. Qxe2 Nc6 13. f4 Bd7 14. Nf2 b5 15.
e5 dxe5 16. Bxc5 Re8 17. fxe5 Rc8 18. Bd6 Ne7 19. d4 Nf5 20. Bc5 Qc7 21. Ne4
Bc6 22. Nf6+ Bxf6 23. exf6 e5 24. Rxf5 gxf5 25. Qh5 Kh8 26. Bh3 Be4 27. Re1 Rg8
28. Bxf5 Bxf5 29. Qxf5 exd4 30. cxd4 Rce8 31. Re7 Rxg3+ 32. hxg3 Qxg3+ 33. Kf1
Rg8 34. Ke2 Qh2+ 35. Qf2 Qh5+ 36. Kd2 h6 37. Re3 Qd5 38. Rg3 Rd8 39. Qf4 Qh5
40. Qg4 Qxg4 41. Rxg4 a6 42. Rg7 Rd7 43. Kd3 h5 44. Rg5 1-0

[Event "XXVI C.to Italiano a squadre A2 Sud"]
[Site "ITA"]
[Date "1994.??.??"]
[Round "?"]
[White "Zichichi, Alvise"]
[Black "Abatino, Maurizio"]
[WhiteElo "2295"]
[BlackElo "2330"]
[Result "1-0"]
[PlyCount "80"]
[EventDate "1994.02.27"]

1. Nf3 Nf6 2. g3 d5 3. Bg2 c6 4. O-O Bf5 5. b3 e6 6. Bb2 Be7 7. d3 h6 8. Nbd2
O-O 9. Ne5 Nbd7 10. e4 Bh7 11. Nxd7 Qxd7 12. Qe2 Rfd8 13. Rfe1 b5 14. e5 Ne8
15. f4 a5 16. a4 Nc7 17. g4 Na6 18. Kh1 Nc5 19. Bd4 bxa4 20. Bxc5 Bxc5 21. Rxa4
Rdb8 22. Nf1 Rb4 23. Rea1 Rxa4 24. Rxa4 Bb6 25. Ng3 Re8 26. g5 hxg5 27. fxg5
Qe7 28. h4 Qc5 29. Kh2 Qc3 30. h5 Bc7 31. g6 fxg6 32. Rg4 gxh5 33. Rg5 Bf5 34.
Qxh5 Kf8 35. Nxf5 exf5 36. Rxf5+ Ke7 37. Qh4+ Kd7 38. d4 Kc8 39. Rf7 Qxc2 40.
Rxg7 Qxb3 1-0